[Event "4NCL Division 4 South"]
[Site "Daventry, ENG"]
[Date "2019.05.05"]
[Round "10.34"]
[White "Walton, John S"]
[Black "Weatherlake, John P"]
[Result "0-1"]
[WhiteElo "2012"]
[BlackElo "1922"]
[PlyCount "75"]
[EventDate "2019.05.05"]
[WhiteTeam "Fischer's Catch"]
[BlackTeam "Wessex B"]

1. e4 g6 2. d4 Bg7 3. Nf3 d6 4. Nc3 a6 5. a4 b6 6. Bc4 e6 7. O-O Nd7 8. Qe2 Bb7
9. Rd1 h6 10. h3 Ne7 11. Bf4 Nf8 12. h4 Qb8 13. Re1 Qa7 14. Nd5 exd5 15. exd5
Bf6 16. g4 g5 17. hxg5 hxg5 18. Nxg5 Nfg6 19. Ne4 Bh4 20. g5 O-O-O 21. Nf6 Kb8
22. Bd2 Qa8 23. Qf3 Ka7 24. Re2 Qc8 25. Bd3 Qa8 26. c4 Bc8 27. Rae1 Bd7 28.
Rxe7 Nxe7 29. Rxe7 Qc8 30. b3 Bh3 31. Rxf7 Rdg8 32. g6 Bxf6 33. Rxf6 Bg4 34.
Qf4 Bh5 35. Bf5 Qd8 36. Qg5 Bf3 37. Bh3 Rxh3 38. Rxf3 0-1

[Event "4NCL Division 4 South"]
[Site "Daventry, ENG"]
[Date "2019.05.05"]
[Round "10.35"]
[White "Marsh, Roger D W"]
[Black "Sadler, Anthony"]
[Result "1/2-1/2"]
[WhiteElo "1937"]
[BlackElo "1990"]
[PlyCount "132"]
[EventDate "2019.05.05"]
[WhiteTeam "Wessex B"]
[BlackTeam "Fischer's Catch"]

1. d4 d6 2. c4 Nf6 3. Nc3 g6 4. e4 Bg7 5. Be2 Nc6 6. f4 O-O 7. d5 Nb8 8. Nf3 c6
9. h3 cxd5 10. cxd5 Nh5 11. O-O Ng3 12. Re1 Nxe2+ 13. Qxe2 Na6 14. Be3 Qa5 15.
Nd4 Bd7 16. Rab1 Rfc8 17. Rec1 Qb4 18. Qd1 Nc5 19. a3 Qc4 20. Nce2 Qd3 21. Qxd3
Nxd3 22. Rxc8+ Rxc8 23. Rd1 Nxb2 24. Rb1 Nc4 25. Rxb7 Nxe3 26. Rxd7 Bxd4 27.
Nxd4 Rc4 28. Nc6 Rxe4 29. Rxe7 Rxe7 30. Nxe7+ Kf8 31. Nc8 Nxd5 32. Nxa7 Nxf4
33. Nc8 d5 34. Kf2 Ke8 35. Nb6 d4 36. h4 Kd8 37. g3 Ne6 38. Nd5 h5 39. Nf4 Kd7
40. Kf3 Kd6 41. Ke4 Kc5 42. Kd3 Nd8 43. Ne2 Nc6 44. Nc1 f6 45. Nb3+ Kd5 46. a4
Nb4+ 47. Ke2 g5 48. a5 gxh4 49. gxh4 Kc4 50. Nd2+ Kd5 51. Kf3 d3 52. Ke3 Ke5
53. Nc4+ Kf5 54. Kf3 Na6 55. Nd2 Nc5 56. Nc4 Ke6 57. Ke3 Kd5 58. Nb6+ Kc6 59.
Nc4 Kb5 60. Kd4 Ne6+ 61. Kxd3 Nf4+ 62. Ke4 Ng6 63. Kf5 Nxh4+ 64. Kxf6 Ng2 65.
Kg5 h4 66. Kg4 Ne3+ 1/2-1/2

[Event "4NCL Division 4 South"]
[Site "Daventry, ENG"]
[Date "2019.05.05"]
[Round "10.36"]
[White "Fraser, Susanna"]
[Black "Adaway, William"]
[Result "1/2-1/2"]
[WhiteElo "1649"]
[BlackElo "1863"]
[PlyCount "97"]
[EventDate "2019.05.05"]
[WhiteTeam "Fischer's Catch"]
[BlackTeam "Wessex B"]

1. d4 Nf6 2. c4 e6 3. Nf3 b6 4. g3 Ba6 5. Qc2 c5 6. Bg2 Bb7 7. dxc5 Bxc5 8. O-O
O-O 9. Nc3 Nc6 10. a3 a6 11. Bg5 h6 12. Bxf6 Qxf6 13. Ne4 Qd8 14. Nxc5 bxc5 15.
Rfd1 Qc7 16. Qd3 Rfd8 17. Qd6 Qxd6 18. Rxd6 Na5 19. Ne5 Bxg2 20. Kxg2 f6 21. b4
Nb3 22. Rb1 fxe5 23. Rxb3 cxb4 24. axb4 Kf7 25. Rbd3 Ke7 26. Kf3 Rab8 27. Rxa6
Rxb4 28. Ra5 d5 29. Rc3 e4+ 30. Kg2 d4 31. Rc1 d3 32. exd3 exd3 33. Ra2 Rd4 34.
c5 e5 35. c6 Rbc4 36. Rxc4 Rxc4 37. Kf3 e4+ 38. Ke3 Kd6 39. Rd2 Kxc6 40. f3 Kd5
41. fxe4+ Rxe4+ 42. Kxd3 Rd4+ 43. Ke3 Rxd2 44. Kxd2 Ke4 45. Ke2 g5 46. h3 h5
47. Kf2 g4 48. hxg4 hxg4 49. Ke2 1/2-1/2

[Event "4NCL Division 4 South"]
[Site "Daventry, ENG"]
[Date "2019.05.05"]
[Round "10.41"]
[White "Larter, Nick J"]
[Black "Paul, Nathanael"]
[Result "0-1"]
[WhiteElo "1952"]
[BlackElo "2057"]
[PlyCount "86"]
[EventDate "2019.05.05"]
[WhiteTeam "Celtic Tigers 2"]
[BlackTeam "Shropshire 2"]

1. e4 c6 2. d4 d5 3. Nc3 dxe4 4. Bc4 Nf6 5. f3 e5 6. dxe5 Qxd1+ 7. Nxd1 exf3 8.
Nxf3 Nd5 9. Bxd5 cxd5 10. Nc3 Be6 11. Nb5 Kd7 12. Be3 a6 13. Nbd4 Nc6 14. Nxc6
bxc6 15. O-O-O Be7 16. Rhf1 Rhb8 17. Nd4 c5 18. Nf5 Bf8 19. Nd6 Bxd6 20. exd6
d4 21. Bg5 Rb6 22. Be7 Rab8 23. b3 a5 24. Rd3 Bc4 25. Rf5 Bxd3 26. cxd3 f6 27.
Rxc5 Rc6 28. Rc4 a4 29. Kb2 Rxc4 30. dxc4 axb3 31. axb3 d3 32. g4 d2 33. Kc2
Rxb3 34. h4 Rc3+ 35. Kxd2 Rxc4 36. g5 fxg5 37. hxg5 Rd4+ 38. Ke3 Rxd6 39. Bxd6
Kxd6 40. Kf4 Ke6 41. Ke4 g6 42. Kf4 Kd5 43. Kf3 Ke5 0-1

[Event "4NCL Division 4 South"]
[Site "Daventry, ENG"]
[Date "2019.05.05"]
[Round "10.42"]
[White "Zdanowski, Adrian"]
[Black "Stevenson, James"]
[Result "0-1"]
[WhiteElo "2012"]
[BlackElo "1994"]
[PlyCount "70"]
[EventDate "2019.05.05"]
[WhiteTeam "Shropshire 2"]
[BlackTeam "Celtic Tigers 2"]

1. c4 g6 2. Nc3 Bg7 3. e4 c5 4. Nf3 Nc6 5. Be2 d6 6. O-O Nf6 7. d3 O-O 8. Bg5
h6 9. Be3 Ng4 10. Qd2 Nd4 11. Bxd4 cxd4 12. Nb5 Qb6 13. a4 e5 14. a5 Qc6 15. b4
a6 16. Na3 f5 17. exf5 Bxf5 18. Nh4 Nf6 19. Rac1 Rae8 20. f3 Kh7 21. g4 Bc8 22.
Ng2 Qd7 23. h4 Rf7 24. b5 axb5 25. Nxb5 d5 26. Qb4 Bf8 27. c5 Re6 28. f4 b6 29.
fxe5 bxc5 30. Qb2 Rxe5 31. Ra1 Ba6 32. Na3 Bg7 33. g5 hxg5 34. hxg5 Rxg5 35.
Qb6 Qh3 0-1

[Event "4NCL Division 4 South"]
[Site "Daventry, ENG"]
[Date "2019.05.05"]
[Round "10.43"]
[White "Kitchen, Peter J"]
[Black "Hurney, Kevin"]
[Result "1-0"]
[WhiteElo "1915"]
[BlackElo "2057"]
[PlyCount "83"]
[EventDate "2019.05.05"]
[WhiteTeam "Celtic Tigers 2"]
[BlackTeam "Shropshire 2"]

1. e4 d6 2. d4 g6 3. Nc3 Bg7 4. g3 Nf6 5. Bg2 O-O 6. Nge2 Nbd7 7. O-O c5 8. d5
a6 9. a4 b6 10. h3 Rb8 11. Rb1 b5 12. axb5 axb5 13. b4 cxb4 14. Na2 b3 15. Nb4
Ne5 16. cxb3 Bb7 17. Nd4 Rc8 18. Kh2 Qe8 19. Qe2 Rc5 20. f4 Ned7 21. Nxb5 Nb6
22. Na3 Qa8 23. Nac2 Nfd7 24. Be3 Ra5 25. Nd4 Bxd4 26. Bxd4 Rc8 27. Rfc1 Rxc1
28. Rxc1 Nc5 29. Qe3 Nbd7 30. e5 Ra3 31. Rb1 Qc8 32. exd6 exd6 33. Qc3 Qf8 34.
Nc6 Ra2 35. Re1 Bxc6 36. dxc6 Nb6 37. b4 Nca4 38. Qe3 Nd5 39. Qb3 Rxg2+ 40.
Kxg2 Nab6 41. Bxb6 Nxb6 42. Qe3 1-0

[Event "4NCL Division 4 South"]
[Site "Daventry, ENG"]
[Date "2019.05.05"]
[Round "10.44"]
[White "Jamieson, Ian"]
[Black "Tivillier, Jacques"]
[Result "1/2-1/2"]
[WhiteElo "1967"]
[BlackElo "1915"]
[PlyCount "24"]
[EventDate "2019.05.05"]
[WhiteTeam "Shropshire 2"]
[BlackTeam "Celtic Tigers 2"]

1. f4 e5 2. fxe5 d6 3. exd6 Bxd6 4. Nf3 g5 5. d4 g4 6. Ne5 Bxe5 7. dxe5 Qxd1+
8. Kxd1 Nc6 9. Nc3 Be6 10. Bf4 O-O-O+ 11. Ke1 Nge7 12. e4 h6 1/2-1/2

[Event "4NCL Division 4 South"]
[Site "Daventry, ENG"]
[Date "2019.05.05"]
[Round "10.45"]
[White "Buttell, David"]
[Black "Lewis, Christopher D"]
[Result "1/2-1/2"]
[WhiteElo "1945"]
[BlackElo "1930"]
[PlyCount "34"]
[EventDate "2019.05.05"]
[WhiteTeam "Celtic Tigers 2"]
[BlackTeam "Shropshire 2"]

1. d4 d5 2. c4 c6 3. Nf3 Nf6 4. Nc3 e6 5. cxd5 exd5 6. Bg5 Be7 7. e3 Ne4 8.
Bxe7 Qxe7 9. Qc2 Nd7 10. Bd3 f5 11. O-O O-O 12. Rac1 Rf6 13. a3 Rh6 14. b4 Qd6
15. g3 Ndf6 16. Ne5 a6 17. f4 Bd7 1/2-1/2

[Event "4NCL Division 4 South"]
[Site "Daventry, ENG"]
[Date "2019.05.05"]
[Round "10.46"]
[White "Clarke, Neil"]
[Black "Cranston, Adam"]
[Result "1-0"]
[WhiteElo "1907"]
[BlackElo "1802"]
[PlyCount "85"]
[EventDate "2019.05.05"]
[WhiteTeam "Shropshire 2"]
[BlackTeam "Celtic Tigers 2"]

1. Nf3 d5 2. g3 Nf6 3. Bg2 Bf5 4. O-O e6 5. d3 c5 6. Nbd2 Nc6 7. c4 Be7 8. b3
O-O 9. h3 h6 10. Bb2 d4 11. a3 a5 12. Nh2 e5 13. Ne4 Qd7 14. g4 Bxe4 15. dxe4
Rfd8 16. Qd3 Nh7 17. Rfd1 Qe6 18. a4 Nb4 19. Qg3 Bg5 20. Bc1 Bxc1 21. Raxc1 Na2
22. Rc2 Nc3 23. Rdd2 Nf6 24. Qd3 Rd6 25. Nf1 Rb6 26. Rb2 Rb4 27. Ng3 g6 28.
Rdc2 Qb6 29. Qd2 Kg7 30. g5 hxg5 31. Qxg5 Rxb3 32. Nf5+ Kg8 33. Rxb3 Qxb3 34.
Rxc3 dxc3 35. Qxf6 gxf5 36. exf5 Qd1+ 37. Kh2 c2 38. Bd5 Qxd5 39. Qg5+ Kh7 40.
cxd5 Rg8 41. Qc1 Kg7 42. Qxc2 Rc8 43. Qc4 1-0

[Event "4NCL Division 4 South"]
[Site "Daventry, ENG"]
[Date "2019.05.05"]
[Round "10.51"]
[White "Burrows, Nick"]
[Black "McMahon, Paul"]
[Result "1-0"]
[WhiteElo "1932"]
[BlackElo "1892"]
[PlyCount "123"]
[EventDate "2019.05.05"]
[WhiteTeam "Oxford 3"]
[BlackTeam "Poisoned Pawns - Next Generation"]

1. b3 Nc6 2. Bb2 e5 3. c4 Nf6 4. e3 g6 5. Nf3 d6 6. d4 exd4 7. Nxd4 Ne5 8. Be2
Bg7 9. Nc3 Qe7 10. O-O O-O 11. Rc1 b6 12. Bf3 Nxf3+ 13. Qxf3 Bg4 14. Nd5 Nxd5
15. Qxg4 Nf6 16. Qe2 Rfe8 17. Nc6 Qe4 18. Nb4 a5 19. Nd5 Nxd5 20. cxd5 Qxd5 21.
Bxg7 Kxg7 22. Rxc7 Rec8 23. Qc2 Rxc7 24. Qxc7 a4 25. Qxb6 axb3 26. Qxb3 Qd2 27.
a4 Qa5 28. Ra1 Ra6 29. Qb2+ Kh6 30. Qf6 Qd5 31. Qh4+ Kg7 32. Qd4+ Qxd4 33. exd4
Kf6 34. Kf1 Kf5 35. f3 h5 36. a5 f6 37. Ke2 Ke6 38. Kd3 Kd5 39. g3 g5 40. h4
gxh4 41. gxh4 f5 42. Ra2 Kc6 43. Kc4 Ra7 44. d5+ Kc7 45. Kd4 Kb7 46. Rb2+ Kc7
47. Rb5 Kd7 48. Ke3 Ke7 49. Kf4 Kf6 50. Rb6 Rxa5 51. Rxd6+ Ke7 52. Ke5 Ra3 53.
Re6+ Kd7 54. f4 Rh3 55. Rh6 Rxh4 56. Rh7+ Kd8 57. Kxf5 Rh1 58. Ke6 h4 59. Rh8+
Kc7 60. d6+ Kc6 61. Rc8+ Kb7 62. d7 1-0

[Event "4NCL Division 4 South"]
[Site "Daventry, ENG"]
[Date "2019.05.05"]
[Round "10.52"]
[White "Tombolis, Christopher"]
[Black "Wilson, Edgar"]
[Result "0-1"]
[WhiteElo "1883"]
[BlackElo "1922"]
[PlyCount "86"]
[EventDate "2019.05.05"]
[WhiteTeam "Poisoned Pawns - Next Generation"]
[BlackTeam "Oxford 3"]

1. d4 d5 2. c4 e6 3. Nc3 Nf6 4. Nf3 Be7 5. Bg5 h6 6. Bh4 O-O 7. e3 b6 8. cxd5
Nxd5 9. Bxe7 Qxe7 10. Nxd5 exd5 11. Rc1 Be6 12. Qc2 Rc8 13. Bd3 c5 14. O-O c4
15. Bh7+ Kh8 16. Bf5 Nd7 17. Rfe1 Nf6 18. Ne5 b5 19. f3 Rab8 20. e4 Bxf5 21.
exf5 Qc7 22. g4 Kg8 23. h4 Nd7 24. f4 Re8 25. Qg2 Nxe5 26. fxe5 Qd7 27. Rc2 Rb6
28. Rce2 b4 29. Qf3 Qd8 30. Qg3 Rc6 31. g5 c3 32. gxh6 Rxh6 33. Rg2 g6 34. h5
Kh7 35. hxg6+ fxg6 36. bxc3 bxc3 37. fxg6+ Kg7 38. Rc1 Reh8 39. Qxc3 Rh1+ 40.
Kf2 Qh4+ 41. Ke2 $11 Qe4+ 42. Kf2 Rf8+ 43. Kg3 Qh4# 0-1

[Event "4NCL Division 4 South"]
[Site "Daventry, ENG"]
[Date "2019.05.05"]
[Round "10.53"]
[White "Kadodwala, Nalin"]
[Black "Trivedi, Aarnavh"]
[Result "1/2-1/2"]
[WhiteElo "1990"]
[BlackElo "1862"]
[PlyCount "99"]
[EventDate "2019.05.05"]
[WhiteTeam "Oxford 3"]
[BlackTeam "Poisoned Pawns - Next Generation"]

1. Nf3 Nf6 2. c4 e6 3. g3 d5 4. Bg2 c6 5. O-O Be7 6. d4 O-O 7. Qc2 Nbd7 8. Nbd2
Re8 9. e4 Nxe4 10. Nxe4 dxe4 11. Qxe4 Nf6 12. Qe2 c5 13. dxc5 Bxc5 14. Be3 Bxe3
15. Qxe3 Qc7 16. Rac1 e5 17. b4 Bg4 18. h3 Bxf3 19. Bxf3 e4 20. Be2 a6 21. Rfd1
Rad8 22. a3 h6 23. Kg2 Qc6 24. Rd4 Rxd4 25. Qxd4 Nd7 26. Rd1 Ne5 27. Qd5 g5 28.
c5 Kg7 29. Qxc6 Nxc6 30. Rd7 Re7 31. Rxe7 Nxe7 32. a4 Kf6 33. Bc4 Nc6 34. b5
axb5 35. axb5 Nd4 36. Bd5 Ke5 37. c6 bxc6 38. bxc6 Kd6 39. Bxe4 Nxc6 40. Bxc6
Kxc6 41. Kf3 f5 42. g4 Kd5 43. gxf5 h5 44. Kg3 Ke5 45. h4 Kxf5 46. hxg5 $11
Kxg5 47. f4+ Kf5 48. Kh4 Kg6 49. f5+ Kxf5 50. Kxh5 1/2-1/2

[Event "4NCL Division 4 South"]
[Site "Daventry, ENG"]
[Date "2019.05.05"]
[Round "10.54"]
[White "Volovich, Julia"]
[Black "MacQueen, Stuart"]
[Result "0-1"]
[WhiteElo "1885"]
[BlackElo "1890"]
[PlyCount "92"]
[EventDate "2019.05.05"]
[WhiteTeam "Poisoned Pawns - Next Generation"]
[BlackTeam "Oxford 3"]

1. d4 d5 2. c4 e6 3. Nc3 Nf6 4. Bg5 Be7 5. e3 b6 6. Nf3 O-O 7. cxd5 exd5 8. Bd3
Bg4 9. h3 Bh5 10. Qc2 Bxf3 11. gxf3 c5 12. Bxf6 Bxf6 13. Nxd5 Nc6 14. Bxh7+ Kh8
15. Be4 Rc8 16. Nxf6 Qxf6 17. d5 Nb4 18. Qc4 Qxb2 19. O-O Qe5 20. a3 b5 21. Qb3
f5 22. axb4 fxe4 23. f4 Qh5 24. Kh2 c4 25. Qc3 Qxd5 26. Rxa7 Rf7 27. Rxf7 Qxf7
28. Qe5 Qe8 29. Qg5 Qd7 30. f5 c3 31. Qh4+ Kg8 32. Qxe4 c2 33. Rc1 Qd2 34. Qe6+
Kh7 35. Qg6+ Kh8 36. Qh5+ Kg8 37. f6 Qxf2+ 38. Kh1 Qxf6 39. Qd5+ Kf8 40. Qh5
Qc6+ 41. Kg1 Kg8 42. Qf5 Qc4 43. Kh1 Rf8 44. Qxc2 Rf1+ 45. Kg2 Rxc1 46. Qg6
Qc6+ 0-1

[Event "4NCL Division 4 South"]
[Site "Daventry, ENG"]
[Date "2019.05.05"]
[Round "10.55"]
[White "Terry, Sean"]
[Black "Weersing, Abigail Riis"]
[Result "1-0"]
[WhiteElo "1888"]
[BlackElo "1862"]
[PlyCount "61"]
[EventDate "2019.05.05"]
[WhiteTeam "Oxford 3"]
[BlackTeam "Poisoned Pawns - Next Generation"]

1. c4 e6 2. e4 b6 3. Nc3 Nc6 4. d4 Bb4 5. Nf3 Nf6 6. Bd3 d5 7. e5 Ne4 8. Qc2
Nxc3 9. bxc3 Be7 10. Bxh7 dxc4 11. Be4 Bb7 12. h4 b5 13. Rb1 a6 14. Be3 Rb8 15.
Rd1 Na5 16. d5 exd5 17. e6 fxe6 18. Bg6+ Kd7 19. Ne5+ Kc8 20. Bf7 Qd6 21. Bf4
Rxh4 22. Rxh4 Bxh4 23. Ng6 Qd7 24. Ne5 Qd6 25. Qh7 Bd8 26. Qg8 Ba8 27. Bxe6+
Kb7 28. Bxd5+ Ka7 29. Nc6+ Qxc6 30. Bxc6 Nxc6 31. Qxg7 1-0

[Event "4NCL Division 4 South"]
[Site "Daventry, ENG"]
[Date "2019.05.05"]
[Round "10.56"]
[White "Dharmasena, Kian"]
[Black "Panicker, Raj"]
[Result "0-1"]
[WhiteElo "1757"]
[BlackElo "1960"]
[PlyCount "56"]
[EventDate "2019.05.05"]
[WhiteTeam "Poisoned Pawns - Next Generation"]
[BlackTeam "Oxford 3"]

1. e4 c5 2. Nf3 g6 3. c3 Bg7 4. Bc4 e6 5. O-O Ne7 6. d3 Nbc6 7. Bb3 O-O 8. Be3
d6 9. Qc1 Re8 10. Bh6 Ne5 11. Nxe5 dxe5 12. Bxg7 Kxg7 13. Qe3 b6 14. Nd2 Ba6
15. Nc4 Qc7 16. f4 exf4 17. Rxf4 f5 18. Rh4 h5 19. Qg5 b5 20. Ne3 c4 21. Rxh5
Rh8 22. Rxh8 Rxh8 23. dxc4 bxc4 24. Nxc4 Bxc4 25. Bxc4 Rh5 26. Qg3 Qxc4 27.
Qe5+ Kf7 28. Rd1 fxe4 0-1

[Event "4NCL Division 4 South"]
[Site "Daventry, ENG"]
[Date "2019.05.05"]
[Round "10.61"]
[White "Adams, Mark"]
[Black "Nelson, Omowale"]
[Result "1/2-1/2"]
[WhiteElo "1971"]
[BlackElo "2012"]
[PlyCount "37"]
[EventDate "2019.05.05"]
[WhiteTeam "The Full Ponty"]
[BlackTeam "Watford 1"]

1. e4 c6 2. Ne2 d5 3. e5 Bg4 4. f3 Bd7 5. d4 e6 6. c3 c5 7. Nd2 Nc6 8. f4 Nh6
9. Nf3 Nf5 10. a3 h5 11. Ng3 Nh4 12. Nxh4 Qxh4 13. Be2 g6 14. O-O Qd8 15. Be3
Qb6 16. Rb1 cxd4 17. cxd4 Bh6 18. Qd2 Ne7 19. Bd3 1/2-1/2

[Event "4NCL Division 4 South"]
[Site "Daventry, ENG"]
[Date "2019.05.05"]
[Round "10.62"]
[White "Lancaster, Roger"]
[Black "Fletcher, John"]
[Result "0-1"]
[WhiteElo "1945"]
[BlackElo "1974"]
[PlyCount "64"]
[EventDate "2019.05.05"]
[WhiteTeam "Watford 1"]
[BlackTeam "The Full Ponty"]

1. e4 c5 2. Nc3 Nc6 3. g3 g6 4. Bg2 d6 5. d3 Bg7 6. Be3 e5 7. Qd2 Nf6 8. h3 Nd4
9. f4 Nh5 10. Nge2 Nxe2 11. Nxe2 exf4 12. gxf4 Bxb2 13. Rb1 Bg7 14. O-O O-O 15.
e5 Rb8 16. Nc3 dxe5 17. Bxc5 Nxf4 18. Bxf8 Bxf8 19. Rf3 Qd4+ 20. Kh2 Bb4 21.
Rxf4 exf4 22. Ne2 Bxd2 23. Nxd4 Bd7 24. Rxb7 Rxb7 25. Bxb7 Kf8 26. Bc6 Ke8 27.
Kg2 Be3 28. Bxd7+ Kxd7 29. Nf3 f6 30. Nh4 Ke6 31. Kf3 g5 32. Ng2 Bd2 0-1

[Event "4NCL Division 4 South"]
[Site "Daventry, ENG"]
[Date "2019.05.05"]
[Round "10.63"]
[White "Perrett, David C"]
[Black "Luberto, Michael"]
[Result "1-0"]
[WhiteElo "1927"]
[BlackElo "1930"]
[PlyCount "51"]
[EventDate "2019.05.05"]
[WhiteTeam "The Full Ponty"]
[BlackTeam "Watford 1"]

1. d4 Nf6 2. Bg5 Ne4 3. Bf4 d6 4. f3 Nf6 5. e4 c5 6. dxc5 Qa5+ 7. Qd2 Qxc5 8.
Nc3 a6 9. O-O-O b5 10. e5 Nh5 11. Ne4 Qc6 12. Be3 g6 13. exd6 Be6 14. dxe7 Bxe7
15. Bc5 Nd7 16. Bxe7 Kxe7 17. Qb4+ Kd8 18. Ne2 Qc4 19. Qxc4 Bxc4 20. Nc5 Nhf6
21. Nc3 Kc8 22. Nxd7 Nxd7 23. Bxc4 bxc4 24. Rhe1 Rf8 25. Rd4 Ra7 26. Rxc4+ 1-0

[Event "4NCL Division 4 South"]
[Site "Daventry, ENG"]
[Date "2019.05.05"]
[Round "10.64"]
[White "Dunlop, Neil J"]
[Black "Hughes, Anthony"]
[Result "1/2-1/2"]
[WhiteElo "1832"]
[BlackElo "1910"]
[PlyCount "36"]
[EventDate "2019.05.05"]
[WhiteTeam "Watford 1"]
[BlackTeam "The Full Ponty"]

1. d4 d5 2. c4 e6 3. Nf3 Nf6 4. e3 Be7 5. Nc3 O-O 6. Be2 dxc4 7. Bxc4 c5 8. O-O
Nc6 9. dxc5 Bxc5 10. a3 a6 11. b4 Bd6 12. h3 Qc7 13. Qb3 b5 14. Be2 Bb7 15. Bb2
Rac8 16. Rfd1 Rfd8 17. Rac1 Qe7 18. Bd3 Bb8 1/2-1/2

[Event "4NCL Division 4 South"]
[Site "Daventry, ENG"]
[Date "2019.05.05"]
[Round "10.65"]
[White "Quinn, Peter"]
[Black "Sloan, Cecil"]
[Result "1/2-1/2"]
[WhiteElo "1838"]
[BlackElo "1772"]
[PlyCount "48"]
[EventDate "2019.05.05"]
[WhiteTeam "The Full Ponty"]
[BlackTeam "Watford 1"]

1. e4 d5 2. exd5 Qxd5 3. Nc3 Qd8 4. d4 Nf6 5. Bc4 a6 6. a3 e6 7. Nf3 b5 8. Bb3
c5 9. O-O c4 10. Ba2 Bb7 11. Re1 Be7 12. h3 O-O 13. Be3 Nbd7 14. Qe2 Nb6 15.
Rad1 Nbd5 16. Nxd5 Bxd5 17. c3 Bxf3 18. Qxf3 Qd5 19. Qxd5 Nxd5 20. Bb1 Rad8 21.
Be4 Rd7 22. Bc1 Rfd8 23. Re2 Bf6 24. Rde1 g6 1/2-1/2

[Event "4NCL Division 4 South"]
[Site "Daventry, ENG"]
[Date "2019.05.05"]
[Round "10.66"]
[White "Mead-Herbert, Bradley"]
[Black "Dixon, Chris"]
[Result "0-1"]
[WhiteElo "1585"]
[BlackElo "1756"]
[PlyCount "49"]
[EventDate "2019.05.05"]
[WhiteTeam "Watford 1"]
[BlackTeam "The Full Ponty"]

1. e4 d6 2. d4 Nf6 3. Nc3 g6 4. f4 Bg7 5. e5 Nfd7 6. Nf3 c5 7. Ne4 O-O 8. Be3
cxd4 9. Bxd4 dxe5 10. Bc3 exf4 11. Bxg7 Kxg7 12. Qd4+ Nf6 13. Qc3 Nc6 14. a3
Bf5 15. Nc5 Qb6 16. Nh4 Rad8 17. Nxf5+ gxf5 18. b4 e5 19. Bc4 Ne4 20. Qh3 Nd4
21. O-O-O Nf2 22. Qh5 Qg6 23. Qxg6+ hxg6 24. Nxb7 Rc8 25. Rxd4 0-1

[Event "4NCL Division 4 South"]
[Site "Daventry, ENG"]
[Date "2019.05.05"]
[Round "10.71"]
[White "Bott, Simeon"]
[Black "Burke, Steven J"]
[Result "1-0"]
[WhiteElo "1757"]
[BlackElo "1952"]
[PlyCount "71"]
[EventDate "2019.05.05"]
[WhiteTeam "Sussex Martlets 3"]
[BlackTeam "Ashfield 2"]

1. e4 c5 2. Nf3 Nc6 3. d4 cxd4 4. Nxd4 e5 5. Nb5 d6 6. N1c3 a6 7. Na3 b5 8. Nd5
Be7 9. Be3 Rb8 10. Be2 Nf6 11. Qd3 O-O 12. O-O Nxd5 13. exd5 Na5 14. b4 Nb7 15.
c4 bxc4 16. Nxc4 f5 17. f3 Bf6 18. Rac1 f4 19. Bb6 Qe7 20. Nd2 Nd8 21. Ba5 Qe8
22. Ne4 Be7 23. Bc7 Rxb4 24. Bxd6 Rd4 25. Qb3 Nf7 26. Bc5 Bxc5 27. Nxc5 Nd6 28.
Rfd1 Rxd1+ 29. Rxd1 Bf5 30. Bxa6 Qe7 31. Bd3 Qa7 32. Rc1 Bxd3 33. Qxd3 Rc8 34.
Qc3 Nb7 35. Qxe5 Rxc5 36. Qe8# 1-0

[Event "4NCL Division 4 South"]
[Site "Daventry, ENG"]
[Date "2019.05.05"]
[Round "10.72"]
[White "Gogia, Armaan"]
[Black "Hedger, Alec"]
[Result "0-1"]
[WhiteElo "1982"]
[BlackElo "1727"]
[PlyCount "82"]
[EventDate "2019.05.05"]
[WhiteTeam "Ashfield 2"]
[BlackTeam "Sussex Martlets 3"]

1. e4 c5 2. Nf3 e6 3. d4 cxd4 4. Nxd4 Nf6 5. Nc3 Bb4 6. f3 d5 7. Bb5+ Bd7 8. e5
Bxc3+ 9. bxc3 Ng8 10. Bxd7+ Nxd7 11. f4 a6 12. Qg4 g6 13. O-O Rc8 14. Bd2 Ne7
15. Rae1 Nc5 16. Re3 Ne4 17. Be1 Qb6 18. Kh1 Nf5 19. Nxf5 exf5 20. Qe2 Qb5 21.
Qxb5+ axb5 22. Rd3 Rc5 23. Kg1 Ke7 24. Bf2 Nxf2 25. Kxf2 Rhc8 26. Ke1 Ra8 27.
Kd2 Rxa2 28. Rb1 Ra4 29. g3 Ke6 30. Rd4 Ra3 31. Rd3 Kd7 32. Re3 h6 33. h4 Ra4
34. Rd3 h5 35. Kd1 Kc6 36. Kd2 Re4 37. Rb4 Rcc4 38. Rb3 Kc5 39. Ra3 Ra4 40. Rb3
Ra1 41. Rb4 Ree1 0-1

[Event "4NCL Division 4 South"]
[Site "Daventry, ENG"]
[Date "2019.05.05"]
[Round "10.73"]
[White "Woods, Timothy J"]
[Black "Flynn, David"]
[Result "1/2-1/2"]
[WhiteElo "1682"]
[BlackElo "1930"]
[PlyCount "47"]
[EventDate "2019.05.05"]
[WhiteTeam "Sussex Martlets 3"]
[BlackTeam "Ashfield 2"]

1. e4 e6 2. d4 d5 3. Nc3 Bb4 4. e5 c5 5. a3 Bxc3+ 6. bxc3 Ne7 7. Qg4 Qc7 8.
Qxg7 Rg8 9. Qxh7 cxd4 10. Ne2 Nbc6 11. f4 dxc3 12. Qd3 d4 13. Nxd4 Nxd4 14.
Qxd4 Bd7 15. Rb1 Nf5 16. Qf2 b6 17. Rb4 Qb7 18. a4 Qd5 19. Qf3 Qxf3 20. gxf3
Bc6 21. Kf2 Nh4 22. f5 Nxf3 23. fxe6 fxe6 24. Bb5 1/2-1/2

[Event "4NCL Division 4 South"]
[Site "Daventry, ENG"]
[Date "2019.05.05"]
[Round "10.74"]
[White "Levens, David G"]
[Black "Hedger, Timothy"]
[Result "1-0"]
[WhiteElo "1930"]
[BlackElo "1742"]
[PlyCount "89"]
[EventDate "2019.05.05"]
[WhiteTeam "Ashfield 2"]
[BlackTeam "Sussex Martlets 3"]

1. e4 d5 2. exd5 Qxd5 3. d4 Nc6 4. Be3 e5 5. c4 Qe4 6. Nc3 Bb4 7. d5 Nd4 8. Rc1
Bxc3+ 9. Rxc3 Bf5 10. f3 Nc2+ 11. Kf2 Nxe3 12. Rxe3 Qh4+ 13. g3 Qe7 14. Bh3
Bxh3 15. Nxh3 f6 16. Nf4 O-O-O 17. Ne6 Rd7 18. Qa4 Rd6 19. b4 Ra6 20. Qb3 b6
21. Rb1 Nh6 22. c5 Kb8 23. Nd4 Kc8 24. Nc6 Qf8 25. Qc4 Ra4 26. Qc2 Ra6 27. b5
Qxc5 28. Qxc5 Rxa2+ 29. Kg1 bxc5 30. Rc3 Nf7 31. Rxc5 Nd6 32. Rbc1 Ne8 33. Nb4
Rb2 34. Na6 Rg8 35. d6 Rd2 36. Nxc7 Nxc7 37. Rxc7+ Kb8 38. Rd7 h5 39. Rcc7 Rxd6
40. Rb7+ Kc8 41. Rdc7+ Kd8 42. Rxa7 g5 43. Rh7 Ke8 44. b6 Rd1+ 45. Kf2 1-0

[Event "4NCL Division 4 South"]
[Site "Daventry, ENG"]
[Date "2019.05.05"]
[Round "10.75"]
[White "Finn, Elizabeth"]
[Black "Hill, Maurice J"]
[Result "1/2-1/2"]
[WhiteElo "1600"]
[BlackElo "1810"]
[PlyCount "67"]
[EventDate "2019.05.05"]
[WhiteTeam "Sussex Martlets 3"]
[BlackTeam "Ashfield 2"]

1. d4 Nf6 2. Nf3 e6 3. Bg5 h6 4. Bh4 Be7 5. e3 c5 6. Bd3 b6 7. O-O Bb7 8. c4 d6
9. Nc3 Nc6 10. Qe2 O-O 11. Rfd1 Qc8 12. Rac1 Re8 13. a3 Nh5 14. Bxe7 Rxe7 15.
Nb5 Qd8 16. dxc5 bxc5 17. Nxd6 Qb6 18. Nxb7 Qxb7 19. Be4 Nf6 20. Bxc6 Qxc6 21.
Rc2 Qe4 22. Rcd2 Kh7 23. Ne1 Rb8 $11 24. f3 Qc6 25. e4 Rd7 26. e5 Rxd2 27. Rxd2
Ne8 28. Nd3 Rd8 29. f4 Rd4 30. b3 Nc7 31. Qf2 Qe4 32. Qf3 Qxf3 33. gxf3 a5 34.
Kf2 1/2-1/2

[Event "4NCL Division 4 South"]
[Site "Daventry, ENG"]
[Date "2019.05.05"]
[Round "10.81"]
[White "Reuben, Stewart"]
[Black "Paterson, Andrew I"]
[Result "0-1"]
[WhiteElo "1974"]
[BlackElo "2065"]
[PlyCount "88"]
[EventDate "2019.05.05"]
[WhiteTeam "MK Phoenix 2"]
[BlackTeam "Warwickshire Select 2"]

1. d4 d5 2. c4 e6 3. Nc3 c6 4. e4 dxe4 5. Nxe4 Bb4+ 6. Bd2 Qxd4 7. Bxb4 Qxe4+
8. Be2 Na6 9. Bd6 Qxg2 10. Bf3 Qg5 11. Ne2 Ne7 12. Ba3 Bd7 13. Rg1 Qa5+ 14. Kf1
Nf5 15. Ng3 O-O-O 16. Nxf5 Qxf5 17. Rxg7 Rhg8 18. Rxg8 Rxg8 19. Bg2 Qf4 20. Qf3
Qxc4+ 21. Kg1 e5 22. Re1 Be6 23. b3 Qd4 24. Kh1 Bd5 25. Qf5+ Kb8 26. Be4 f6 27.
Bxd5 Qxd5+ 28. Qe4 Kc7 29. Be7 Rg6 30. Qxd5 cxd5 31. Rg1 f5 32. f4 e4 33. Rxg6
hxg6 34. Bf6 Nb4 35. a3 Nc2 36. a4 d4 37. Kg2 d3 38. Bc3 Ne3+ 39. Kg1 Kc6 40.
Bd2 Nc2 41. Kf2 Nd4 42. b4 Nf3 43. Be3 a6 44. h3 Kd5 0-1